| 000 -LEADER |
| fixed length control field |
01572 a2200265 4500 |
| 003 - CONTROL NUMBER IDENTIFIER |
| control field |
Nust |
| 005 - DATE AND TIME OF LATEST TRANSACTION |
| control field |
20221006141309.0 |
| 010 ## - LIBRARY OF CONGRESS CONTROL NUMBER |
| LC control number |
2003051543 |
| 020 ## - INTERNATIONAL STANDARD BOOK NUMBER |
| International Standard Book Number |
0521520436 (pb.) |
| 020 ## - INTERNATIONAL STANDARD BOOK NUMBER |
| International Standard Book Number |
052181720X |
| 040 ## - CATALOGING SOURCE |
| Transcribing agency |
Nust |
| 082 00 - DEWEY DECIMAL CLASSIFICATION NUMBER |
| Classification number |
005.43,FRA |
| 100 1# - MAIN ENTRY--PERSONAL NAME |
| Personal name |
Franek, Frantisek. |
| 9 (RLIN) |
99316 |
| 245 10 - TITLE STATEMENT |
| Title |
Memory as a programming concept in C and C++ / |
| Statement of responsibility, etc. |
Frantisek Franek. |
| 260 ## - PUBLICATION, DISTRIBUTION, ETC. |
| Place of publication, distribution, etc. |
Cambridge ; |
| -- |
New York : |
| Name of publisher, distributor, etc. |
Cambridge University Press, |
| Date of publication, distribution, etc. |
c2004. |
| 300 ## - PHYSICAL DESCRIPTION |
| Extent |
ix, 262 p. : |
| Other physical details |
ill. ; |
| Dimensions |
24 cm. |
| 505 ## - FORMATTED CONTENTS NOTE |
| Formatted contents note |
Introduction (Page-1), From Source File To Executable File (Page-7), Variable Objects (Page-21), Dynamic Allocation And Deallocation Of Memory (Page-45), Functions And Function Calls (Page-59), One Dimensional Arrays And Strings (Page-81), Multi Dimensional Arrays (Page-97), Classes And Objects (Page-106), Linked Data Structures (Page-132), Memory Leaks And Their Debugging (Page-159), Programs In Execution (Page-187), Hanoi Towers Puzzle (Page-210), Tracing In C++ (Page-216), Tracing Objects And Memory In C++ (Page-227), Thread Safe And Process Safe Reporting And Logging Functions (Page-234). |
| 650 #0 - SUBJECT ADDED ENTRY--TOPICAL TERM |
| Topical term or geographic name entry element |
C (Computer program language) |
| 9 (RLIN) |
1226 |
| 650 #0 - SUBJECT ADDED ENTRY--TOPICAL TERM |
| Topical term or geographic name entry element |
C++ (Computer program language) |
| 650 #0 - SUBJECT ADDED ENTRY--TOPICAL TERM |
| Topical term or geographic name entry element |
Memory management (Computer science) |
| 9 (RLIN) |
99317 |
| 856 41 - ELECTRONIC LOCATION AND ACCESS |
| Materials specified |
Publisher description |
| Uniform Resource Identifier |
<a href="http://www.loc.gov/catdir/description/cam032/2003051543.html">http://www.loc.gov/catdir/description/cam032/2003051543.html</a> |
| 856 41 - ELECTRONIC LOCATION AND ACCESS |
| Materials specified |
Sample text |
| Uniform Resource Identifier |
<a href="http://www.loc.gov/catdir/samples/cam041/2003051543.html">http://www.loc.gov/catdir/samples/cam041/2003051543.html</a> |
| 856 41 - ELECTRONIC LOCATION AND ACCESS |
| Materials specified |
Table of contents |
| Uniform Resource Identifier |
<a href="http://www.loc.gov/catdir/toc/cam031/2003051543.html">http://www.loc.gov/catdir/toc/cam031/2003051543.html</a> |
| 942 ## - ADDED ENTRY ELEMENTS (KOHA) |
| Source of classification or shelving scheme |
|
| Koha item type |
Book |
| Call number prefix |
005.43,FRA |